000 00440nam a2200181Ia 4500
005 20250326144211.0
008 250326s9999 xx 000 0 und d
037 _aTextbook
040 _aFMSL
_beng
_cFMSL
041 _aeng
_2eng
084 _qFMSL
100 _aUNO
_9739699
245 0 _aEstablishment of indistrial estales
_cUNO
260 _aNY
_bNY, U N O
_c1961
300 _a50p
942 _cTB
999 _c1302761
_d1302761